000 00639cab a2200205 4500
001 ABS40626
008 090401t1989 xxu||||| |||| 00| 0 eng d
035 _a(Sirsi) u25106
041 _aeng
100 _aFogel, S.
245 _aVAT and rent review clauses
260 _c1989
350 _a0
490 _aEstates Gazette
_v(8916) 22 April 1989, 76-82(2)
520 _aAnalyses whether the impact of the new VAT rules on the rental values on reviews could be mitigated artificially by redrafting rent review clauses .
690 _aLANDLORD AND TENANT-RENT REVIEWS
700 _aPlumbe, G.
942 _n0
948 _c04/03/1997
999 _c16838
_d16838